00515nam a2200193 a 4500001001300000003000900013005001700022008004100039020001000080082001600090100001500106245006900121260003700190300000900227500003500236505001000271650002500281700001500306nice12345678IN_TiNIC20260116013856.0050524s1998 gina grp 000 0 eng  ac18000a340.59bSWA aSwaroop, R aLaw Relating to Muslim Marriage, Dower, Divorce and Maintenance. aGingee T.N.bVSS Law Housec1998 a323p aincludes index and biblioraphy2 aIndex aIslamic-Law Marriage1 aSwaroop, R